Productive measurement function and production-oriented coordinate metrology /

Enregistré dans:
Détails bibliographiques
Auteur principal: Roithmeier, Robert
Format: Livre
Langue:anglais
Publié: Aalen Carl Zeiss 3D Akademie 2009
Tags: Ajouter un tag
Pas de tags, Soyez le premier à ajouter un tag!

MARC

LEADER 00000nam a22000003a 4500
001 0004952
003 SK-STU
005 20150617230331.9
007 ta
008 150529s ----xo-----e------000-0-----d
020 |a 978-3-9811422-6-6 
040 |a STU  |b slo 
041 0 |a eng 
044 |a sz 
100 1 |a Roithmeier, Robert 
245 1 0 |a Productive measurement  |b function and production-oriented coordinate metrology /  |c Robert Roithmeier 
260 |a Aalen  |b Carl Zeiss 3D Akademie  |c 2009 
300 |a 156 s. 
996 |b 284M086435  |c M* 13791-1  |l MMKN  |s A  |a 24  |w 0004952_0001